书目信息 |
| 题名: |
播音发声技巧
|
|
| 作者: | 白龙 著 | |
| 分册: | ||
| 出版信息: | 北京 中国广播电视出版社 2002 |
|
| 页数: | 281页 | |
| 开本: | 21cm | |
| 丛书名: | 播音主持艺术技巧丛书 | |
| 单 册: | ||
| 中图分类: | G222.2 | |
| 科图分类: | ||
| 主题词: | 播音--表达(语言学) , 播音--发声法 , CT--S004987--播音 , CT--S004205--表达(语言学) , CT--S018978--发声法 | |
| 电子资源: | ||
| ISBN: | 7-5043-3844-3 | |
| 000 | 00984nam0 2200313 45 | |
| 001 | 012002013715 | |
| 005 | 20031219104108.9 | |
| 010 | @a7-5043-3844-3@dCNY17.00 | |
| 100 | @a20020219d2002 em y0chiy0110 ea | |
| 101 | 0 | @achi |
| 102 | @aCN@b110000 | |
| 105 | @ay z 000yy | |
| 106 | @ar | |
| 200 | 1 | @a播音发声技巧@9bo yin fa sheng ji qiao@f白龙著 |
| 210 | @a北京@c中国广播电视出版社@d2002 | |
| 215 | @a281页@d21cm | |
| 225 | 2 | @a播音主持艺术技巧丛书 |
| 314 | @a白龙,副教授,硕士生导师。著有《播音发声技巧》。 | |
| 330 | @a本书包括:播音发声的基础、声音的产生、气息控制、共鸣调节、发声机理、声调的把握及运用、吐字归音等内容。 | |
| 461 | 0 | @12001 @a播音主持艺术技巧丛书 |
| 606 | 0 | @a播音@x表达(语言学) |
| 606 | 0 | @a播音@x发声法 |
| 606 | 0 | @2CT@3S004987@a播音 |
| 606 | 0 | @2CT@3S004205@a表达(语言学) |
| 606 | 0 | @2CT@3S018978@a发声法 |
| 690 | @aG222.2@v4 | |
| 701 | 0 | @a白龙@9bai long@4著 |
| 801 | @aCN@bTSTC@c20030407 | |
| 905 | @b322289-293@dG222.2@e15@f5 | |
| 播音发声技巧/白龙著.-北京:中国广播电视出版社,2002 |
| 281页;21cm.-(播音主持艺术技巧丛书) |
| ISBN 7-5043-3844-3:CNY17.00 |
| 本书包括:播音发声的基础、声音的产生、气息控制、共鸣调节、发声机理、声调的把握及运用、吐字归音等内容。 |
| ● |
| 相关链接 |
|
|
|
|
正题名:播音发声技巧
索取号:G222.2/15
 
预约/预借
| 序号 | 登录号 | 条形码 | 馆藏地/架位号 | 状态 | 备注 |
| 1 | 0322289 | 203222896 | 第四借阅区/ [索取号:G222.2/15] | 在馆 | |
| 2 | 0322290 | 203222903 | 第四借阅区/ [索取号:G222.2/15] | 在馆 | |
| 3 | 0322291 | 203222912 | 第四借阅区/ [索取号:G222.2/15] | 在馆 | |
| 4 | 0322292 | 203222921 | 第四借阅区/ [索取号:G222.2/15] | 在馆 | |
| 5 | 0322293 | 203222930 | 第一样本阅览室/ [索取号:G222.2/15] | 在馆 |